000 005600000a22001930004500
001 000458
003 MACL
005 20150825161918.0
008 150825b xxu||||| |||| 00| 0 eng d
040 _aMACL
_cMACL
041 _aEnglish
082 _a720/BIS
100 _aBiswas, Sachindra Sekhar
_97443
245 _aProtecting The Cultural Heritage
_bNational Legislations & International Conventions
_cSachindra Sekhar Biswas
260 _aNew Delhi
_c1999
_bAryan Books International,
350 _a1150
650 _aarchitecture
_9259
942 _k720
_cBK
_2ddc
999 _c460
_d460